| 000 | 00548cam a2200169 a 4500 | ||
|---|---|---|---|
| 020 | _a0521415993 (hc) | ||
| 040 | _cDLC | ||
| 082 | 0 | 0 | _a355 CAM 1996 A089 Or. |
| 245 | 0 | 2 | _aA military history of Ireland / |
| 260 |
_aCambridge ; _aNew York : _bCambridge University Press, _c1996. |
||
| 300 |
_axxv, 565 p. : _bill., maps ; _c26 cm. |
||
| 700 | 1 | _aBartlett, Thomas. | |
| 700 | 1 | _aJeffery, Keith. | |
| 856 | 4 | 2 | _uhttp://www.loc.gov/catdir/description/cam026/95006124.html |
| 856 | 4 | 1 | _uhttp://www.loc.gov/catdir/toc/cam022/95006124.html |
| 942 | _cEK | ||
| 999 |
_c16309 _d16309 |
||